000 00516nam a2200181Ia 4500
005 20250508162338.0
008 008 250505s9999 xx 000 0 eng d
037 _aReference
040 _aFEDL
_beng
_cFEDL
041 _aeng
_2eng
084 _a491.23, SAN
_qFEDL
100 _abenfey Theodore Co.
_9443898
245 0 _aSanskrit-english dictionary
260 _aNew Delhi, India
_bMilan Publication Services
_c1982
300 _a1145p.
942 _cREF
_h491.23, SAN
999 _c1375970
_d1375970